000 00894cam a22002891 4500
001 26542
003 BD-RjUL
005 20211209051030.0
008 140322s1951 xxu||||| |||| 00| 0 eng d
035 _a(BD-RjUL)26612
035 _a(OCoLC)2601801
040 _aDLC
_cTxWB
_dUk
_dDLC
_dBD-RjUL
_beng
041 _aeng
082 _a955.420955
_bGAP 1951
100 1 _aGail, Marzieh.
_981639
245 1 0 _aPersia and the Victorians /
_c Marzieh Gail
260 _aLondon :
_bAllen and Unwin,
_c1951.
300 _a176 p. ;
_c23 cm.
504 _aBibliography: p. 171-176.
650 0 _aComparative literature
_xEnglish and Persian.
_981640
650 0 _aComparative literature
_xPersian and English.
_981641
651 0 _aGreat Britain
_xRelations
_zIran.
_981642
651 0 _aIran
_xRelations
_zGreat Britain.
_981643
942 _2ddc
_cBK
999 _c26542
_d26542